Buddhism (Record no. 24906)
[ view plain ]
| 000 -LEADER | |
|---|---|
| fixed length control field | 01545nam a2200337 4500 |
| 008 - FIXED-LENGTH DATA ELEMENTS--GENERAL INFORMATION | |
| fixed length control field | 051024s1999 nyum10 g vleng d |
| 020 ## - INTERNATIONAL STANDARD BOOK NUMBER | |
| International Standard Book Number | 1561764442 (set) |
| 090 ## - LOCALLY ASSIGNED LC-TYPE CALL NUMBER (OCLC); LOCAL CALL NUMBER (OCLC) | |
| Classification number (OCLC) (R) ; Classification number, CALL (RLIN) (NR) | BQ4022 |
| Local cutter number (OCLC) ; Book number/undivided call number, CALL (RLIN) | B85t |
| 245 00 - TITLE STATEMENT | |
| Title | Buddhism |
| Medium | [videorecording] / |
| Statement of responsibility, etc | Mystic Fire, Tibet House New York co-production ; lectures by Robert A.F Thurman. |
| 246 1# - VARYING FORM OF TITLE | |
| Display text | Title on container: |
| Title proper/short title | Robert A.F. Thurman on Buddhism. |
| 260 ## - PUBLICATION, DISTRIBUTION, ETC. (IMPRINT) | |
| Place of publication, distribution, etc | New York, NY : |
| Name of publisher, distributor, etc | Mystic Fire Video : |
| -- | Distributed by WinStar TV & Video, |
| Date of publication, distribution, etc | c1999. |
| 300 ## - PHYSICAL DESCRIPTION | |
| Extent | 3 videocassettes (210 min.) : |
| Other physical details | sd., col. ; |
| Dimensions | 1/2 in. |
| 505 0# - FORMATTED CONTENTS NOTE | |
| Formatted contents note | pt. 1. The Buddha -- pt. 2. The Dharma -- pt. 3. The Sangha. |
| 508 ## - CREATION/PRODUCTION CREDITS NOTE | |
| Creation/production credits note | Produced by Sheldon Rochlin. |
| 511 1# - PARTICIPANT OR PERFORMER NOTE | |
| Participant or performer note | Lecturer, Robert A.F. Thurman. |
| 520 ## - SUMMARY, ETC. | |
| Summary, etc | Discusses the Buddha in the world, and the difficulties and methods of becoming one; the four noble truths, the 3 wheels of Dharma, the 3 vehicles, and the metaphor of the turning of the wheel of Dharma; and the Sangha, or community of those who try to live according to the Dharma. |
| 538 ## - SYSTEM DETAILS NOTE | |
| System details note | VHS format. |
| 650 #4 - SUBJECT ADDED ENTRY--TOPICAL TERM | |
| Topical term or geographic name as entry element | Buddhism |
| Form subdivision | Study and teaching. |
| 650 #4 - SUBJECT ADDED ENTRY--TOPICAL TERM | |
| Topical term or geographic name as entry element | Buddhism |
| General subdivision | Doctrines. |
| 650 #4 - SUBJECT ADDED ENTRY--TOPICAL TERM | |
| Topical term or geographic name as entry element | Dharma (Buddhism) |
| 650 #4 - SUBJECT ADDED ENTRY--TOPICAL TERM | |
| Topical term or geographic name as entry element | Reincarnation |
| General subdivision | Buddhism. |
| 700 1# - ADDED ENTRY--PERSONAL NAME | |
| Personal name | Rochlin, Sheldon. |
| 700 1# - ADDED ENTRY--PERSONAL NAME | |
| Personal name | Thurman, Robert A. F. |
| 710 22 - ADDED ENTRY--CORPORATE NAME | |
| Corporate name or jurisdiction name as entry element | Mystic Fire Video, Inc. |
| 710 22 - ADDED ENTRY--CORPORATE NAME | |
| Corporate name or jurisdiction name as entry element | Tibet House (Organization : New York, N.Y.) |
| 710 22 - ADDED ENTRY--CORPORATE NAME | |
| Corporate name or jurisdiction name as entry element | WinStar TV and Video (Firm) |
| 740 02 - ADDED ENTRY--UNCONTROLLED RELATED/ANALYTICAL TITLE | |
| Uncontrolled related/analytical title | Buddha. |
| 740 02 - ADDED ENTRY--UNCONTROLLED RELATED/ANALYTICAL TITLE | |
| Uncontrolled related/analytical title | Dharma. |
| 740 02 - ADDED ENTRY--UNCONTROLLED RELATED/ANALYTICAL TITLE | |
| Uncontrolled related/analytical title | Sangha. |
| 951 ## - EQUIVALENCE OR CROSS-REFERENCE-GEOGRAPHIC NAME/AREA NAME [OBSOLETE] [CAN/MARC only] | |
| -- | V-1893 |
| -- | BQ4022/B85t-I |
| -- | 070613111523812 |
| -- | 2000-12-21 |
| -- | VT |
| Withdrawn status | Lost status | Damaged status | Not for loan | Home library | Current library | Shelving location | Date acquired | Accession number | Shelving control number | Total Checkouts | Full call number | Date last seen | Price effective from | Koha item type |
|---|---|---|---|---|---|---|---|---|---|---|---|---|---|---|
| BSOP Library | BSOP Library | Video Tapes | 12/21/2000 | V-1893 | 127 | BQ4022/B85t-I | 02/23/2013 | 02/23/2013 | Books |
